000 00582nam a2200205Ia 4500
001 15129
003 GE_BSU
008 181216s||||||||xx |||||||||||||| ||und||
040 _cGE_BSU
080 _a530(075.8)+517.9(075.8)
100 _aВладимиров,В,С
245 _aУправления математической физики
245 _cРед:В.В.Абгарян
260 _aМосква
260 _bНаука
260 _c1967
300 _a632стр,20см
653 _aУправления математической физики
942 _cBK
999 _c48245
_d48245